Fundamentals of Nursing / (Record no. 409)
[ view plain ]
| 000 -LEADER | |
|---|---|
| Fixed length control field | 00629nam a2200217Ia 4500 |
| 003 - CONTROL NUMBER IDENTIFIER | |
| Control field | IIN |
| 005 - DATE AND TIME OF LATEST TRANSACTION | |
| Control field | 20240209121957.0 |
| 008 - FIXED-LENGTH DATA ELEMENTS--GENERAL INFORMATION | |
| Fixed length control field | 231217s9999 xx 000 0 und d |
| 020 ## - INTERNATIONAL STANDARD BOOK NUMBER / ISBN | |
| Price | Rs.2395.00 |
| International Standard Book Number | 8184483090 |
| 040 ## - CATALOGING SOURCE | |
| Original cataloging agency | IIN |
| Language of cataloging | English |
| 082 ## - DEWEY DECIMAL CLASSIFICATION NUMBER | |
| Classification number | 610.73 |
| Book Number | WIL |
| 100 1# - MAIN ENTRY--PERSONAL NAME | |
| Personal name | Wilkinson, Judith M. |
| 245 1# - TITLE STATEMENT | |
| Title | Fundamentals of Nursing / |
| Statement of responsibility | Judith M. Wilkinson and Karen Van Leuven |
| 260 ## - IMPRINT | |
| Name of publisher | Jaypee |
| Place of publication | New Delhi |
| Date of publication | 2008 |
| 300 ## - PHYSICAL DESCRIPTION | |
| Page / Vol. No | xlvi,1089p. |
| 440 ## - SERIES STATEMENT | |
| Series Title | Theory, Concepts and Applications |
| Number | Vol.1 |
| 650 1# - SUBJECT ADDED ENTRY--TOPICAL TERM | |
| Topical term | Foundation |
| Form subdivision | Nursing |
| 650 1# - SUBJECT ADDED ENTRY--TOPICAL TERM | |
| Topical term | Fundamentals |
| Form subdivision | Nursing |
| 700 1# - ADDED ENTRY--PERSONAL NAME | |
| Personal name | Leuven, Karen Van |
| 942 ## - ADDED ENTRY ELEMENTS (KOHA) | |
| Koha item type | Books |
| Withdrawn status | Lost status | Source of classification | Damaged status | Not for loan | Collection code | Home library | Current library | Date acquired | Price | Total Checkouts | Call number | Accession number | Date last seen | Copy number | Price effective from | Koha item type |
|---|---|---|---|---|---|---|---|---|---|---|---|---|---|---|---|---|
| Dewey Decimal Classification | IDEAL INSTITUTE OF NURSING | IDEAL INSTITUTE OF NURSING | 17/12/2023 | 2395.00 | 610.73 WIL | 404 | 17/12/2023 | Vol.1 | 17/12/2023 | Books | ||||||
| Dewey Decimal Classification | IDEAL INSTITUTE OF NURSING | IDEAL INSTITUTE OF NURSING | 17/12/2023 | 2395.00 | 610.73 WIL | 405 | 17/12/2023 | Vol.1 | 17/12/2023 | Books | ||||||
| Dewey Decimal Classification | IDEAL INSTITUTE OF NURSING | IDEAL INSTITUTE OF NURSING | 17/12/2023 | 2395.00 | 610.73 WIL | 406 | 17/12/2023 | Vol.1 | 17/12/2023 | Books |
